Implementácia systémov manažérstva ako súčasť rozvoja organizácie
Význam implementácie systémov manažérstva v organizácii ako súčasť rozvoja organizácie. Dôvody zavedenia systémov manažérstva v organizáciách.
Na minha lista:
| Autor principal: | |
|---|---|
| Outros Autores: | , |
| Formato: | Capítulo de Livro |
| Idioma: | eslovaco |
| Assuntos: | |
| Tags: |
Sem tags, seja o primeiro a adicionar uma tag!
|
MARC
| LEADER | 00000naa a2200000 4500 | ||
|---|---|---|---|
| 001 | 0258525 | ||
| 005 | 20240502074106.7 | ||
| 041 | 0 | |a slo | |
| 044 | |a SK | ||
| 245 | 1 | 0 | |a Implementácia systémov manažérstva ako súčasť rozvoja organizácie |c Marta Karkalíková, Alica Lacková, Ivan Hlavatý |
| 520 | |a Význam implementácie systémov manažérstva v organizácii ako súčasť rozvoja organizácie. Dôvody zavedenia systémov manažérstva v organizáciách. | ||
| 610 | 2 | 0 | |a systémy riadenia |
| 610 | 2 | 0 | |a systémy informačné organizácií |
| 610 | 2 | 0 | |a výkony podnikové |
| 610 | 2 | 0 | |a stakeholder |
| 610 | 2 | 0 | |a riadenie podnikové |
| 610 | 2 | 0 | |a riadenie vrcholové |
| 100 | 1 | |a Karkalíková, Marta | |
| 700 | 1 | |a Lacková, Alica | |
| 700 | 1 | |a Hlavatý, Ivan, 1978- | |